| 000 | 00357nam a22001457a 4500 | ||
|---|---|---|---|
| 020 | _a9789693508451 | ||
| 040 | _cNUST | ||
| 082 |
_a891.4392 _bTAR |
||
| 100 |
_aTarar, Mustansar Hussain _93135 |
||
| 245 | _aHazaaron Raastay | ||
| 260 |
_aLAHORE _bSang-E-Meel Publications _c2018 |
||
| 300 | _a373P | ||
| 650 | _2Urdu Literature-Drama | ||
| 942 |
_2ddc _cBK |
||
| 999 |
_c585750 _d585750 |
||